Kazimierz Lewacki (1913-1976)
| Titel: | Kazimierz Lewacki (1913-1976) |
|---|---|
| Verfasser: | |
| In: |
Szkice ke̜dzierzyńsko-kozielskie, Band 5 (1995), Seite 156-158 alle Artikel anzeigen |
| Veröffentlicht: | 1995 |
| Format: | Aufsatz |
| Sprache: | Polnisch |
X
alg: 39443639 001A $01999:12-11-16 001B $01999:30-05-21 $t22:09:27.000 001C $06050:19-11-16 $t09:34:12.000 001D $01999:12-11-16 001U $0utf8 001X $00 002@ $0Aox 003@ $0394436393 007A $0394436393 $aHEB 007T $0Herdw00422 010@ $apol 011@ $a1995 021A $aKazimierz Lewacki (1913-1976) 028A $aPacułt $dRyszard 031A $d5 $h156-158 $j1995 039B $aIn $8--Abvc--. Szkice ke̜dzierzyńsko-kozielskie. - Kędzierzyn-Koźle : Towarzystwo Ziemi Kozielskiej, 1985-. - ISSN 0860-1062 $x199500000050000844 $9048584932 045F $a929.09438 $eDDC23BSB 045F/01 $a929 045F/03 $g438 045F/03 $g4385 045T $a-OST $qDE-12 $2FID 045T $a7,41 lok: 39443639 78 exp: 39443639 78 1 #EPN 201B/01 $018-11-16 $t11:36:25.000 201U/01 $0utf8 203@/01 $0790546809 208@/01 $a12-11-16 $be 209A/01 $a/ $f000 $x00 220C/01 $aTitelaufnehmer: EW 244Z/01 $2Trx $#Silesia $#Śląsk $#Sliezsko $#Slezsko $8--Trx--Schlesien $x01 $9391173987 244Z/01 $2Trx $#Poola $#Lenkija $#Polija $#Polen Land $#Poland $#Lengyelország $#Poľsko $#Polsko $8--Trx--Polska$gkraj $x02 $9391345966 244Z/01 $aGeschichte 1913-1976 $x03 244Z/01 $2Trx $8--Trx--Lewacki, Kazimierz$Z1913-1976 $x04 $9390662143 244Z/01 $2Trx $#õpetajad $#mokytojai $#teachers $#tanárok $#nauczyciele $#učitelia $#učitelé $8--Trx--Lehrer $x05 $9391382780 244Z/01 $2Trx $8--Trx--Zeitschriftenaufsatz $x06 $9391384341 245Z/01 $a12.03 $x01 247C/01 $82080>Marburg/Lahn, Herder-Institut, Forschungsbibliothek, Bibliographieportal $9336309341
| LEADER | 00000caa a22000002c 4500 | ||
|---|---|---|---|
| 001 | 394436393 | ||
| 003 | DE-603 | ||
| 005 | 20210530220927.0 | ||
| 007 | tu | ||
| 008 | 161112s1995 xx |||| | u00||u|pol c | ||
| 035 | |a (DE-599)HEB394436393 | ||
| 040 | |a DE-603 |b ger |c DE-603 |d DE-603 | ||
| 041 | |a pol | ||
| 082 | 0 | 4 | |8 1\u |a 929.09438 |q DE-101 |2 23/BSB |
| 084 | |a -OST |q DE-12 |2 fid | ||
| 084 | |a 7,41 |2 ssgn | ||
| 085 | |8 1\u |b 929 | ||
| 085 | |8 1\u |z 2 |s 438 | ||
| 085 | |8 1\u |z 2 |s 4385 | ||
| 100 | 1 | |a Pacułt, Ryszard | |
| 245 | 0 | 0 | |a Kazimierz Lewacki (1913-1976) |
| 264 | 0 | |c 1995 | |
| 773 | 0 | 8 | |i In |t Szkice ke̜dzierzyńsko-kozielskie |d Kędzierzyn-Koźle : Towarzystwo Ziemi Kozielskiej, 1985- |x 0860-1062 |g Band 5 (1995), Seite 156-158 |w (DE-603)048584932 |w (DE-600)1080389-0 |
| 924 | 0 | |9 2080 |a (DE-603)790546809 |b DE-2080 |c HES |d d |g / | |


